How to set up and maintain a World Wide Web site : (Record no. 180181)
[ view plain ]
| 000 -LEADER | |
|---|---|
| fixed length control field | 00984 a2200205 4500 |
| 003 - CONTROL NUMBER IDENTIFIER | |
| control field | Nust |
| 005 - DATE AND TIME OF LATEST TRANSACTION | |
| control field | 20221017150350.0 |
| 010 ## - LIBRARY OF CONGRESS CONTROL NUMBER | |
| LC control number | 95024492 |
| 020 ## - INTERNATIONAL STANDARD BOOK NUMBER | |
| International Standard Book Number | 0201633892 (alk. paper) |
| 040 ## - CATALOGING SOURCE | |
| Transcribing agency | Nust |
| 082 00 - DEWEY DECIMAL CLASSIFICATION NUMBER | |
| Classification number | 005.75,STE |
| 100 1# - MAIN ENTRY--PERSONAL NAME | |
| Personal name | Stein, Lincoln D., |
| 9 (RLIN) | 100528 |
| 245 10 - TITLE STATEMENT | |
| Title | How to set up and maintain a World Wide Web site : |
| Remainder of title | the guide for information providers / |
| Statement of responsibility, etc. | Lincoln D. Stein. |
| 260 ## - PUBLICATION, DISTRIBUTION, ETC. | |
| Place of publication, distribution, etc. | Reading, Mass. : |
| Name of publisher, distributor, etc. | Addison-Wesley Pub. Co., |
| Date of publication, distribution, etc. | c1995. |
| 300 ## - PHYSICAL DESCRIPTION | |
| Extent | xv, 469 p. : |
| Other physical details | ill. ; |
| Dimensions | 24 cm. |
| 505 ## - FORMATTED CONTENTS NOTE | |
| Formatted contents note | Introduction To The Web (Page-1), Unraveling The Web: How It All Works (Page-27), Installing And Configuring A Web Server (Page-55), Security (Page-125), Creating Hypertext Documents (Page-169), Software Tools For Text, Graphics, Sound And Video (Page-207), A Web Style Guide (Page-251), Working With Server Scripts (Page-289), Writing Server Scripts (Page-355). |
| 650 #0 - SUBJECT ADDED ENTRY--TOPICAL TERM | |
| Topical term or geographic name entry element | Web servers. |
| 9 (RLIN) | 95902 |
| 650 #0 - SUBJECT ADDED ENTRY--TOPICAL TERM | |
| Topical term or geographic name entry element | Web sites. |
| 9 (RLIN) | 27082 |
| 942 ## - ADDED ENTRY ELEMENTS (KOHA) | |
| Source of classification or shelving scheme | |
| Koha item type | Book |
| Call number prefix | 005.75,STE |
| Withdrawn status | Lost status | Source of classification or shelving scheme | Damaged status | Not for loan | Permanent Location | Current Location | Shelving location | Date acquired | Full call number | Barcode | Date last seen | Price effective from | Koha item type | Public note |
|---|---|---|---|---|---|---|---|---|---|---|---|---|---|---|
| Military College of Signals (MCS) | Military College of Signals (MCS) | General Stacks | 12/12/2016 | 005.75,STE | MCS27929 | 12/08/2016 | 12/12/2016 | Book | Almirah No.6, Shelf No.6 |
